Most Streamed Songs of 1994 - Statistics

General Stats
  • This quiz has been taken 7 times
  • The average score is 8 of 20
Answer Stats
# Streams Artist(s) Answer % Correct
2 1,782,521,796 The Cranberries Zombie
100%
16 603,047,712 Seal Kiss From A Rose
83%
1 2,516,048,846 Mariah Carey All I Want For Christmas Is You
67%
3 1,563,018,699 Green Day Basket Case
67%
14 613,813,101 Weezer Buddy Holly
67%
18 565,935,373 TLC Waterfalls
67%
6 1,031,087,279 Soundgarden Black Hole Sun
50%
12 673,498,867 Warren G ft. Nate Dogg Regulate
50%
9 794,255,129 Green Day When I Come Around
50%
19 536,848,546 Big Mountain Baby, I Love Your Way
33%
17 576,457,957 Stone Temple Pilots Interstate Love Song
33%
7 925,535,179 The Notorious B.I.G. Juicy
33%
11 700,840,034 Weezer Say It Ain't So
33%
8 802,035,595 The Offspring Self Esteem
33%
10 780,935,578 Bon Jovi Always
17%
4 1,514,464,766 The Notorious B.I.G. Big Poppa
17%
20 533,470,331 Jeff Buckley Lover, You Should've Come Over
17%
13 620,031,263 Rusted Root Send Me On My Way
17%
15 612,803,937 Luis Miguel La Media Vuelta
0%
5 1,032,464,181 Los Enanitos Verdes Lamento Boliviano
0%
No matching quizzes found
Score Distribution
Percent of People with Each Score
Percentile by Number Answered
Your Score History
You have not taken this quiz